Теплотехника: учебник для вузов

Detalles Bibliográficos
Otros Autores: Луканин В. Н. Валентин Николаевич (редактор), Шатров М. Г. Михаил Георгиевич, Камфер Г. М. Георгий Матвеевич, Нечаев С. Г. Сергей Григорьевич, Иванов И. Е. Игорь Евгеньевич, Матюхин Л. М. Леонид Михайлович
Sumario:В книге (4-е — 2003 г.) рассмотрены основные положения термодинамики, теории переноса теплоты и вещества, а также энергетические и экологические проблемы использования теплоты в автотранспортном комплексе. Приведены методы и примеры расчета термодинамических и тепломассообменных процессов в прикладных задачах различных областей современных техники и технологии. Для студентов технических специальностей высших учебных заведений.
Lenguaje:ruso
Publicado: Москва, Высшая школа, 2005
Edición:5-е изд., стер.
Materias:
Formato: Libro
KOHA link:https://koha.lib.tpu.ru/cgi-bin/koha/opac-detail.pl?biblionumber=120362

MARC

LEADER 00000nam0a2200000 4500
001 120362
005 20231101215614.0
010 |a 5060039587 
035 |a (RuTPU)RU\TPU\book\130324 
035 |a RU\TPU\book\66483 
090 |a 120362 
100 |a 20040415d2005 m y0rusy50 ca 
101 0 |a rus 
102 |a RU 
105 |a a j 001zy 
200 1 |a Теплотехника  |e учебник для вузов  |f В. Н. Луканин [и др.]  |g под ред. В. Н. Луканина 
205 |a 5-е изд., стер. 
210 |a Москва  |c Высшая школа  |d 2005 
215 |a 671 с.  |c ил. 
320 |a Библиогр.: с. 670-671. 
330 |a В книге (4-е — 2003 г.) рассмотрены основные положения термодинамики, теории переноса теплоты и вещества, а также энергетические и экологические проблемы использования теплоты в автотранспортном комплексе. Приведены методы и примеры расчета термодинамических и тепломассообменных процессов в прикладных задачах различных областей современных техники и технологии. Для студентов технических специальностей высших учебных заведений. 
451 1 |0 (RuTPU)RU\TPU\book\136938  |y 5-06-003958-7  |t Теплотехника  |o учебник для вузов  |f В. Н. Луканин [и др.]  |g под ред. В. Н. Луканина  |e 5-е изд., стер.  |c Москва  |n Высшая школа  |d 2006  |p 671 с. 
451 1 |0 (RuTPU)RU\TPU\book\66483  |y 5-06-003958-7  |t Теплотехника  |o учебник для вузов  |f В. Н. Луканин [и др.]  |g под ред. В. Н. Луканина  |e 4-е изд., испр.  |c Москва  |n Высшая школа  |d 2003  |p 671 с. 
606 |a Теплотехника общая  |2 stltpush  |3 (RuTPU)RU\TPU\subj\59808  |9 77306 
610 1 |a термодинамика 
610 1 |a законы 
610 1 |a понятия 
610 1 |a термодинамические процессы 
610 1 |a газовые потоки 
610 1 |a термодинамические циклы 
610 1 |a химическая термодинамика 
610 1 |a тепломассообмен 
610 1 |a теплота 
610 1 |a вещества 
610 1 |a перенос 
610 1 |a конвективный перенос 
610 1 |a стационарная теплопроводность 
610 1 |a теплопередача 
610 1 |a теплообмен 
610 1 |a массообмен 
610 1 |a теплообменные аппараты 
610 1 |a энергетическое топливо 
610 1 |a экологические проблемы 
610 1 |a автомобильный транспорт 
610 1 |a энергопотребление 
610 1 |a учебники 
675 |a 621.1(075.8)  |v 3 
701 1 |a Луканин  |b В. Н.  |g Валентин Николаевич 
701 1 |a Шатров  |b М. Г.  |g Михаил Георгиевич 
701 1 |a Камфер  |b Г. М.  |g Георгий Матвеевич 
701 1 |a Нечаев  |b С. Г.  |g Сергей Григорьевич 
701 1 |a Иванов  |b И. Е.  |g Игорь Евгеньевич 
701 1 |a Матюхин  |b Л. М.  |g Леонид Михайлович 
702 1 |a Луканин  |b В. Н.  |g Валентин Николаевич  |4 340 
801 1 |a RU  |b 63413507  |c 20070827  |g PSBO 
801 2 |a RU  |b 63413507  |c 20211111  |g PSBO 
942 |c BK 
959 |a 48/20070816  |d 2  |e 366,30  |f АНЛ:1  |f ЧЗТЛ:1